|
|
|
|
| LEADER |
01672nam a2200409 i 4500 |
| 001 |
EBC4427657 |
| 003 |
MiAaPQ |
| 005 |
20200520144314.0 |
| 006 |
m o d | |
| 007 |
cr cnu|||||||| |
| 008 |
170327t20132013enk o 001 0 eng d |
| 020 |
|
|
|z 9781472514141
|
| 020 |
|
|
|a 9781472514738 (e-book)
|
| 035 |
|
|
|a (MiAaPQ)EBC4427657
|
| 035 |
|
|
|a (Au-PeEL)EBL4427657
|
| 035 |
|
|
|a (CaPaEBR)ebr11360740
|
| 035 |
|
|
|a (OCoLC)979229125
|
| 040 |
|
|
|a MiAaPQ
|b eng
|e rda
|e pn
|c MiAaPQ
|d MiAaPQ
|
| 050 |
|
4 |
|a SH334
|b .L397 2013
|
| 082 |
0 |
|
|a 338.3727
|2 23
|
| 100 |
1 |
|
|a Lawson, Rowena M.,
|e author.
|
| 245 |
1 |
0 |
|a Economics of fisheries development /
|c Rowena M. Lawson.
|
| 264 |
|
1 |
|a London, [England] :
|b Bloomsbury,
|c 2013.
|
| 264 |
|
4 |
|c 2013
|
| 300 |
|
|
|a 1 online resource (300 pages).
|
| 336 |
|
|
|a text
|2 rdacontent
|
| 337 |
|
|
|a computer
|2 rdamedia
|
| 338 |
|
|
|a online resource
|2 rdacarrier
|
| 490 |
0 |
|
|a Bloomsbury Academic Collections : Economics
|
| 500 |
|
|
|a Includes index.
|
| 588 |
|
|
|a Description based on online resource; title from PDF title page (ebrary, viewed March 22, 2017).
|
| 590 |
|
|
|a Electronic reproduction. Ann Arbor, MI : ProQuest, 2016. Available via World Wide Web. Access may be limited to ProQuest affiliated libraries.
|
| 650 |
|
0 |
|a Fisheries
|x Economic aspects.
|
| 655 |
|
4 |
|a Electronic books.
|
| 776 |
0 |
8 |
|i Print version:
|a Lawson, Rowena M.
|t Economics of fisheries development.
|d London, [England] : Bloomsbury, c2013
|h xi, 283 pages
|k Bloomsbury Academic Collections : Economics
|z 9781472514141
|
| 797 |
2 |
|
|a ProQuest (Firm)
|
| 856 |
4 |
0 |
|u https://ebookcentral.proquest.com/lib/matrademy/detail.action?docID=4427657
|z Click to View
|